Famke Janssen Filmography - Statistics

General Stats
  • This quiz has been taken 6 times
    3 since last reset
  • The average score is 7 of 96
Answer Stats
Type Year Name % Correct
Film 2013 The Wolverine
100%
Film 2003 X2: X-Men United
100%
Film 2000 X-Men
100%
Film 2006 X-Men: The Last Stand
100%
Web Series 2025 Amsterdam Empire
33%
Music Video 1995 GoldenEye
33%
Film 1995 GoldenEye
33%
TV Show 2015-2016, 2019, 2020 How to Get Away with Murder
33%
TV Show 2004-2005, 2010 Nip/Tuck
33%
Film 2008 Taken
33%
Film 2012 Taken 2
33%
Film 2014 Taken 3
33%
TV Show 2016-2018 The Blacklist
33%
Film 2014 X-Men: Days of Future Past
33%
Film 2008 100 Feet
0%
Theater 2008 Above the Fold
0%
Film 2014 A Fighting Man
0%
TV Pilot 2007 Alibi
0%
Film 2017 All I Wish
0%
TV Show 2000, 2001 Ally McBeal
0%
Film 2018 Asher
0%
Film 2018 Bayou Caviar
0%
Film 2023 Boy Kills World
0%
Director 2011 Bringing Up Bobby
0%
Film 1998 Celebrity
0%
Film 2000 Circus
0%
Film 1997 City of Industry
0%
TV Show 2002 Comedy Central Canned Ham
0%
Film 2021 Dangerous
0%
Film 1996 Dead Girl
0%
Film 1998 Deep Rising
0%
Film 2001 Don't Say a Word
0%
Film 2022 Door Mouse
0%
Film 2011 Down the Shore
0%
Web Special 2020 Elegies for Angels, Punks and Raging Queens
0%
Film 2020 Endless
0%
Film 2004 Eulogy
0%
Film 1992 Fathers & Sons
0%
TV Special 2020 Global Goal: Unite for Our Future
0%
Film 2013 Hansel & Gretel: Witch Hunters
0%
TV Show 2013-2015 Hemlock Grove
0%
Film 2005 Hide and Seek
0%
Film 1999 House on Haunted Hill
0%
Documentary Series 2013 In the Woods
0%
Film 2002 I Spy
0%
Film 2015 Jack of the Red Hearts
0%
Film 2023 Knights of the Zodiac
0%
Film 2023 Locked In
0%
TV Show 2022 Long Slow Exhale
0%
Film 1995 Lord of Illusions
0%
Film 2000 Love & Sex
0%
Film 2001 Made
0%
TV Show 1994 Melrose Place
0%
TV Film 1994 Model by Day
0%
Film 1998 Monument Ave.
0%
Commercial 1995 Omega
0%
Film 2017 Once Upon a Time in Venice
0%
Film TBA One Second After
0%
Film 2019 Primal
0%
TV Show 2008 Puppy Love
0%
Film 2022 Redeeming Love
0%
Film 1994 Relentless IV: Ashes to Ashes
0%
TV Show 2016 Robot Chicken
0%
Film 1998 Rounders
0%
Film 1997 RPM
0%
Documentary Series 2017 Secret History of Comics
0%
Documentary 2005 Special Thanks to Roy London
0%
TV Show 1992 Star Trek: The Next Generation
0%
Film 2018 Status Update
0%
Web Series 2015 SuperMansion
0%
Film 1998 The Adventures of Sebastian Cole
0%
TV Show 2017 The Blacklist: Redemption
0%
TV Show 2019 The Capture
0%
Film 2010 The Chameleon
0%
Film TBA The Experiment
0%
Film 1998 The Faculty
0%
TV Pilot 2009 The Farm
0%
Film 1998 The Gingerbread Man
0%
TV Show 2023 Then You Run
0%
Film 2019 The Poison Rose
0%
Film TBA The Postcard Killer
0%
Film 2020 The Postcard Killings
0%
Film 2017 The Show
0%
TV Show 2014 The Soup
0%
Film 2007 The Ten
0%
Film 2006 The Treatment
0%
TV Show 1994 The Untouchables
0%
Film 2021 The Vault
0%
Film 2008 The Wackness
0%
Documentary 2013 The Wolverine: The Path of a Ronin
0%
TV Documentary 1995 The World of James Bond
0%
Documentary Series 1995 This Is Your Life
0%
Film 2007 Turn the River
0%
Documentary 2015 Unity
0%
TV Show 1996 Very Important Pennis
0%
Web Mini-Series 2019 When They See Us
0%
No matching quizzes found
Score Distribution
Percent of People with Each Score
Percentile by Number Answered
Your Score History
You have not taken this quiz since the last reset